00770cam a2200205 a 4500003000400000005001700004008004100021020002900062040000800091050002300099111001900122245015200141260009300293300003400386504005100420650002500471650003100496700001700527700002000544OSt20220317112731.0811211s1980 ja a b 101 0 eng  aALUPE UNIVERSITY COLLEGE cDLC00aQP671.F5bI57 19782 n(6th :d1978 :10aFlavins and flavoproteins :bproceedings of the 6th International Symposium on Flavins and Flavoproteins /cedited by Kunio Yagi and Toshio Yamano. aTokyo :bJapan Scientific Societies Press ;aBaltimore :bUniversity Park Press,cc1980. axvi, 740 p. :bill. ;c27 cm. aIncludes bibliographical references and index. 0aFlavinsxCongresses. 0aFlavoproteinsxCongresses.1 aYagi, Kunio.1 aYamano, Toshio.